Adobe Premiere elements

Bibliographic Details
Corporate Author: Adobe Systems
Format: Book
Published: San Jose, CA. : Adobe , c2005
Series:Classroom in a book
Subjects:

MARC

LEADER 00000cam a2200000 7i4500
001 0000005458
005 20060427093000.0
008 021118s2005
020 |a 032126794X 
090 0 0 |a TR899   |b .A36 2005 kit 
245 1 0 |a Adobe Premiere elements   |c Adobe Systems Incorporated 
260 2 |a San Jose, CA. :   |b Adobe ,   |c c2005 
300 |a vii, 241 p. :   |b ill. ;   |c 23 cm.   |e 1 CD-ROM (4 3/4 in.) 
440 0 0 |a Classroom in a book 
504 |a Includes index 
640 0 0 |a Adobe Premiere 
650 0 |a Digital video   |x Editing   |x Data processing 
650 0 |a Motion pictures   |x Editing   |x Data processing 
710 1 1 |a Adobe Systems 
999 |a 1000105481   |b Book   |c OPEN SHELF (30 DAYS)   |e Tembila Campus 
999 |a 1000105482   |b CD-ROM   |c OPEN SHELF (30 DAYS)   |e Tembila Campus